Los grandes pensadores (Record no. 61167)

MARC details
000 -LEADER
campo de control de longitud fija 00723nam a2200181 i 4500
001 - NÚMERO DE CONTROL
campo de control 61167
003 - IDENTIFICADOR DE NÚMERO DE CONTROL
campo de control ES-MaACL
005 - FECHA Y HORA DE LA ÚLTIMA TRANSACCIÓN
campo de control 20251001141116.0
007 - CAMPO FIJO DE DESCRIPCIÓN FÍSICA--INFORMACIÓN GENERAL
campo de control de longitud fija t|
008 - DATOS DE LONGITUD FIJA--INFORMACIÓN GENERAL
campo de control de longitud fija 031110s1914 sp ||||1| spa d
100 1# - ENTRADA PRINCIPAL--NOMBRE DE PERSONA
Nombre de persona Eucken, Rudolf.
9 (RLIN) 48315
245 14 - MENCIÓN DEL TÍTULO
Título Los grandes pensadores
Resto del título : su teoría de la vida : historia de la evolución del problema de la vida, de la humanidad desde Platón hasta nuestros días /
Mención de responsabilidad, etc. por Rudolfo Eucken ; traducida directamente de la 10ª edición alemana por Faustino Ballvé.
260 ## - PUBLICACIÓN, DISTRIBUCIÓN, ETC.
Lugar de publicación, distribución, etc. Madrid :
Nombre del editor, distribuidor, etc. [s.n.,
Fecha de publicación, distribución, etc. 1914] (
Fabricante Antonio Marzo)
300 ## - DESCRIPCIÓN FÍSICA
Extensión VII, 616 p. ;
Dimensiones 23 cm.
700 1# - ENTRADA AGREGADA--NOMBRE PERSONAL
Nombre de persona Ballvé, Faustino,
Fechas asociadas al nombre 1887-1958
9 (RLIN) 25088
852 ## - LOCALIZACIÓN
Ubicación ES-MaACL
Número de control de estantería B-9140
Sublocalización o colección R.18298
Holdings
Estatus retirado Estado de pérdida Estado de daño No para préstamo Biblioteca de origen Biblioteca actual Ubicación en estantería Fecha de adquisición Fuente de adquisición Total de préstamos Signatura topográfica completa Código de barras Visto por última vez Precio de reemplazo Tipo de ítem Koha
        Biblioteca del Ateneo de Madrid Biblioteca del Ateneo de Madrid Sala Pardo Bazán 17/01/2008     B-9140 1064141 23/02/2023 23/02/2023 Libro impreso